000 00796nam a2200289Ia 4500
005 20260324111800.0
008 008 260324s9999 xx 000 0 eng d
020 _a9781003541615
037 _aEBOOK
040 _aCRL
040 _beng
040 _cCRL
041 _2eng
041 _aeng
084 _qCRL
100 _aLawrence K. Wang; Yung-Tse Hung; Mu-Hao Sung Wang; Jiaping Paul Chen
_91139996
245 0 _aControl of Heavy Metals in the Environment
245 0 _bRecent Advances in Metal Toxicity, Pollution Control, and Remediation Techniques
260 _bTaylor and Francis
260 _c2025
365 _a
365 _b355
856 _uhttp://www.taylorfrancis.com/books/9781003541615
942 _cEBOOK
999 _c1728917
_d1728917